Professional Judgment: (Record no. 4892)

MARC details
000 -LEADER
fixed length control field 01170pam a2200301 a 4500
001 - CONTROL NUMBER
control field 1949947
003 - CONTROL NUMBER IDENTIFIER
control field OSt
005 - DATE AND TIME OF LATEST TRANSACTION
control field 20231026120444.0
008 - FIXED-LENGTH DATA ELEMENTS--GENERAL INFORMATION
fixed length control field 870714r1988 enka b 000 0 eng
010 ## - LIBRARY OF CONGRESS CONTROL NUMBER
LC control number 87020599
020 ## - INTERNATIONAL STANDARD BOOK NUMBER
International Standard Book Number 0521346282
020 ## - INTERNATIONAL STANDARD BOOK NUMBER
International Standard Book Number 0521346967 (pbk.)
040 ## - CATALOGING SOURCE
Original cataloging agency DLC
Transcribing agency DLC
Modifying agency DLC
082 ## - DEWEY DECIMAL CLASSIFICATION NUMBER
Classification number WB141 P94 1988
100 ## - MAIN ENTRY--PERSONAL NAME
Relator code Edited by Jack, Dowie; Arthur, Elstein.
245 00 - TITLE STATEMENT
Title Professional Judgment:
Remainder of title a reader in clinical decision making
260 ## - PUBLICATION, DISTRIBUTION, ETC. (IMPRINT)
Place of publication, distribution, etc. Cambridge;
Name of publisher, distributor, etc. Cambridge University Press,
Date of publication, distribution, etc. 1988.
300 ## - PHYSICAL DESCRIPTION
Extent xvi, 565 p. :
Other physical details ill. ;
Dimensions 23 cm.
500 ## - GENERAL NOTE
General note Reprints of papers originally published in various periodicals and monographs.
500 ## - GENERAL NOTE
General note Companion vol. to: Judgment and decision making / edited by Hal R. Arkes, Kenneth R. Hammond. 1986.
504 ## - BIBLIOGRAPHY, ETC. NOTE
Bibliography, etc Includes bibliographies.
650 #0 - SUBJECT ADDED ENTRY--TOPICAL TERM
Topical term or geographic name as entry element Medicine
9 (RLIN) 10510
730 0# - ADDED ENTRY--UNIFORM TITLE
Uniform title Judgment and decision making.
9 (RLIN) 10513
856 42 - ELECTRONIC LOCATION AND ACCESS
Materials specified Publisher description
Uniform Resource Identifier http://www.loc.gov/catdir/description/cam023/87020599.html
856 41 - ELECTRONIC LOCATION AND ACCESS
Materials specified Table of contents
Uniform Resource Identifier http://www.loc.gov/catdir/toc/cam028/87020599.html
906 ## - LOCAL DATA ELEMENT F, LDF (RLIN)
a 7
b cbc
c orignew
d 1
e ocip
f 19
g y-gencatlg
942 ## - ADDED ENTRY ELEMENTS (KOHA)
Source of classification or shelving scheme Other/Generic Classification Scheme
Koha item type Open Shelf
Holdings
Withdrawn status Lost status Source of classification or shelving scheme Damaged status Not for loan Home library Current library Date acquired Source of acquisition Inventory number Total Checkouts Full call number Barcode Date last seen Koha item type
    Other/Generic Classification Scheme     MUST Main Library MUST Main Library 29/07/2016 Donation 97/10507   WB 141 P94 1988 2016-3483 29/07/2016 Open Shelf